Geography Quiz

Random Geography or State Quiz

Australian Capitals Quiz Stats

 Plays Quiz Updated Sep 21, 2018

Score 0/8 Timer 02:00
17 Plays Today
Capital % Correct
Sydney, New South Wales
92.1%
Perth, Western Australia
90.2%
Melbourne, Victoria
84.7%
Canberra, A.C.T.
84.7%
Darwin, Northern Territory
77.7%
Brisbane, Queensland
76.9%
Adelaide, South Australia
74.3%
Hobart, Tasmania
72.7%

You're not logged in!

Compare scores with friends on all Sporcle quizzes.
OR
Log In

Sporcle TV

Today on Sporcle TV


Watch our educational content, quiz creation guides, and fun videos on Sporcle TV.

Show Comments

Extras

Top Quizzes Today


Score Distribution

Your Account Isn't Verified!

In order to create a playlist on Sporcle, you need to verify the email address you used during registration. Go to your Sporcle Settings to finish the process.

Report this User

Report this user for behavior that violates our Community Guidelines.

Details: